|
|
|
|
| LEADER |
01282ppm a22002778a 4500 |
| 001 |
00029837 |
| 005 |
20171026081022.0 |
| 008 |
121123s2011 ||||||viesd |
| 041 |
0 |
# |
|a vie
|
| 082 |
1 |
4 |
|a 371.91
|b NGH305C
|
| 100 |
1 |
# |
|a Lê, Thị Thanh Sang
|
| 245 |
0 |
0 |
|a Nghiên cứu hứng thú nhận thức của trẻ khiếm thính 5 -6 tuổi thông qua hoạt động khám phá khoa học
|b Luận văn thạc sĩ Khoa học giáo dục. Chuyên ngành: Giáo dục học (Giáo dục mầm non). Mã số: 60.14.01
|c Lê Thị Thanh Sang; Nguyễn Thị Như Mai (hướng dẫn)
|
| 260 |
# |
# |
|a H.
|b Đại học SP Hà Nội
|c 2011
|
| 300 |
# |
# |
|a 128 tr.
|c 30cm.
|b ảnh màu
|e 1 bản tóm tắt +1 CD
|
| 500 |
# |
# |
|a ĐTTTS ghi: Bộ giáo dục và đào tạo. Trường Đại học SP Hà Nội
|
| 653 |
# |
# |
|a Giáo dục đặc biệt
|
| 653 |
# |
# |
|a Trẻ khiếm thính
|
| 653 |
# |
# |
|a Nhận thức
|
| 653 |
# |
# |
|a Luận văn
|
| 700 |
1 |
# |
|a Nguyễn, Thị Như Mai
|e Hướng dẫn
|
| 852 |
# |
# |
|b Kho đọc SĐH
|j LV.0000038
|
| 852 |
# |
# |
|j LV.0000038
|
| 910 |
|
|
|d 23/11/2012
|
| 980 |
# |
# |
|a Trung tâm Học liệu Lê Vũ Hùng, Trường Đại học Đồng Tháp
|